000
00229nam a22000857a 4500
008
160914b xxu||||| |||| 00| 0 eng d
100
_9
415
_a
Gupta.R.G ettal
245
_a
Junoior Mathematics
260
_a
New Delhi
_b
APC Publications
_c
2011
999
_c
3072
_d
3072